Prvá pomoc inštrukcie ako postupovať v prípade úrazov, nehôd a v kritických situáciách
Salvato in:
| Natura: | Libro |
|---|---|
| Lingua: | slovacco |
| Pubblicazione: |
Praha
Nakladatelství Forum
2010
|
| Edizione: | aktualiz. vyd. |
| Soggetti: | |
| Tags: |
Nessun Tag, puoi essere il primo ad aggiungerne!!
|
MARC
| LEADER | 00000nam a2200000 4500 | ||
|---|---|---|---|
| 001 | 0124527 | ||
| 005 | 20240315114644.9 | ||
| 020 | |a 978-80-903624-8-2 | ||
| 041 | 0 | |a slo | |
| 044 | |a CZ | ||
| 245 | 1 | 0 | |a Prvá pomoc |b inštrukcie ako postupovať v prípade úrazov, nehôd a v kritických situáciách |
| 250 | |a aktualiz. vyd. | ||
| 264 | 1 | |a Praha |b Nakladatelství Forum |c 2010 | |
| 300 | |a 131 s. | ||
| 610 | 2 | 0 | |a zdravie |
| 610 | 2 | 0 | |a ochrana zdravia |
| 610 | 2 | 0 | |a poradenstvo profesionálne |